LEADER 01087nam1 2200385 450 001 990001971290203316 005 20040901114022.0 035 $a000197129 035 $aUSA01000197129 035 $a(ALEPH)000197129USA01 035 $a000197129 100 $a20040901g19641965km-y0itay0103----ba 101 0 $aita 102 $aIT 105 $aa|||||||001yy 200 1 $aStoria dell'arte italiana$fPietro Toesca 210 $aTorino$cUTET$d1964-1965 215 $a3 v.$cill.$d27 cm 410 0$12001 454 1$12001 461 1$1001-------$12001 463 \1$1001990001971320203316$12001 $a<<1.>> : <> Medioevo 463 \1$1001990001971350203316$12001 $a<<2.>> : <> Trecento 606 0 $aArte italiana$xStoria 676 $a709.45 700 1$aTOESCA,$bPietro$05788 801 0$aIT$bsalbc$gISBD 912 $a990001971290203316 951 $aVII G$bL.M.$cVII G 959 $aBK 969 $aUMA 979 $aSIAV4$b10$c20040901$lUSA01$h1132 979 $aSIAV4$b10$c20040901$lUSA01$h1140 996 $aStoria dell'arte italiana$9279761 997 $aUNISA LEADER 00940nam0-2200289---450- 001 990008826280403321 005 20090728121343.0 010 $a88-14-14467-2 035 $a000882628 035 $aFED01000882628 035 $a(Aleph)000882628FED01 035 $a000882628 100 $a20090318d--------km-y0itay50------ba 101 0 $aita 102 $aIT 105 $a--------001yy 200 1 $aRegioni e attività produttive$eRapporto sulla legislazione e sulla spesa: 2005-2007. Il punto sulle materie 210 $aMilano$cGiuffré$d2008 215 $aXIV; 324 p.$d24 cm 225 1 $aIstituto di Studi sui sistemi regionali, federali e sulle autonomie "Massimo Severo Giannini". Consiglio Nazionale delle Ricerche$v5 801 0$aIT$bUNINA$gRICA$2UNIMARC 901 $aBK 912 $a990008826280403321 952 $aCN 50 (5)$b7376$fDDCIC 959 $aDDCIC 996 $aRegioni e attività produttive$9679548 997 $aUNINA